[Event "Budapest FS12 FM-B"]
[Site "Budapest"]
[Date "2011.12.08"]
[Round "6"]
[White "Jones, Peter"]
[Black "Breen, Anthony"]
[Result "1/2-1/2"]
[WhiteElo "1377"]
[BlackElo "1659"]
[PlyCount "28"]
[EventDate "2011.12.03"]
[EventType "tourn"]
[EventRounds "11"]
[EventCountry "HUN"]
[SourceTitle "CBM 145 Extra"]
[Source "ChessBase"]
[SourceDate "2012.01.03"]
[SourceVersion "1"]
[SourceVersionDate "2012.01.03"]
[SourceQuality "1"]

1. d4 Nc6 2. Bf4 Nf6 3. e3 a6 4. h3 h6 5. a3 e6 6. Bc4 Ne4 7. Nf3 d5 8. Ba2 a5 9. Ne5 Nxe5 10. dxe5 Bc5 11. Nc3 b6 12. f3 Ng5 13. Bxg5 hxg5 14. g4 Bxe3 1/2-1/2

[Event "Budapest FS12 FM-B"]
[Site "Budapest"]
[Date "2011.12.06"]
[Round "4"]
[White "Somogyi, Akos"]
[Black "Breen, Anthony"]
[Result "0-1"]
[WhiteElo "1258"]
[BlackElo "1659"]
[PlyCount "52"]
[EventDate "2011.12.03"]
[EventType "tourn"]
[EventRounds "11"]
[EventCountry "HUN"]
[SourceTitle "CBM 145 Extra"]
[Source "ChessBase"]
[SourceDate "2012.01.03"]
[SourceVersion "1"]
[SourceVersionDate "2012.01.03"]
[SourceQuality "1"]

1. e4 e6 2. d4 d5 3. exd5 exd5 4. Nf3 Bd6 5. Nc3 c6 6. Bd3 Ne7 7. Be3 Qc7 8. Qd2 Nd7 9. g3 Nb6 10. 0-0 Bg4 11. Be2 h6 12. Bf4 Bxf4 13. Qxf4 Qxf4 14. gxf4 f6 15. Nd2 Bf5 16. Bh5+ Kd7 17. Rac1 g6 18. Bf3 Rag8 19. Kh1 g5 20. fxg5 hxg5 21. Rg1 Rh4 22. Ne2 Rgh8 23. Nf1 Nc4 24. b3 Nd2 25. Kg2 Bh3+ 26. Kg3 Nf5# 0-1

[Event "Budapest FS12 FM-B"]
[Site "Budapest"]
[Date "2011.12.04"]
[Round "2"]
[White "Lukacs, Albert"]
[Black "Breen, Anthony"]
[Result "1-0"]
[WhiteElo "1715"]
[BlackElo "1659"]
[PlyCount "75"]
[EventDate "2011.12.03"]
[EventType "tourn"]
[EventRounds "11"]
[EventCountry "HUN"]
[SourceTitle "CBM 145 Extra"]
[Source "ChessBase"]
[SourceDate "2012.01.03"]
[SourceVersion "1"]
[SourceVersionDate "2012.01.03"]
[SourceQuality "1"]

1. e4 e6 2. d4 d5 3. e5 c5 4. f4 Nc6 5. Nf3 Nh6 6. c3 c4 7. Be2 Be7 8. Be3 Bd7 9. Nbd2 b5 10. h3 0-0 11. 0-0 b4 12. g4 Qa5 13. Qc2 f6 14. exf6 Bxf6 15. f5 Nf7 16. g5 Qc7 17. Rf2 Be7 18. g6 hxg6 19. fxe6 Bxe6 20. Qxg6 Bf6 21. Kh1 Ne7 22. Qg2 Nf5 23. Bg5 Ng3+ 24. Qxg3 Qxg3 25. Rg2 Qxh3+ 26. Rh2 Qf5 27. Be3 bxc3 28. bxc3 Rab8 29. Rf1 Qc2 30. Nh4 Bxh4 31. Rxh4 Qxc3 32. Rf3 Qa1+ 33. Kg2 c3 34. Rf1 Qxa2 35. Bd3 Nh6 36. Rfh1 cxd2 37. Kg3 Nf5+ 38. Bxf5 1-0

[Event "Budapest FS11 FM-C"]
[Site "Budapest"]
[Date "2011.11.12"]
[Round "8"]
[White "Breen, Anthony"]
[Black "Szabo, Miklos"]
[Result "1-0"]
[WhiteElo "1659"]
[BlackElo "1345"]
[PlyCount "95"]
[EventDate "2011.11.05"]
[EventType "tourn"]
[EventRounds "11"]
[EventCountry "HUN"]
[SourceTitle "EXT 2012"]
[Source "ChessBase"]
[SourceDate "2011.11.24"]
[SourceVersion "1"]
[SourceVersionDate "2011.11.24"]
[SourceQuality "1"]

1. e4 e5 2. Nf3 Nc6 3. Bc4 Bc5 4. c3 d6 5. Bb3 Nf6 6. d3 h6 7. h3 0-0 8. Nbd2 Be6 9. Nf1 d5 10. exd5 Nxd5 11. Ng3 Nf4 12. Bxf4 exf4 13. Ne4 Bxb3 14. axb3 Re8 15. 0-0 Bd6 16. Re1 a6 17. d4 f5 18. Nxd6 Qxd6 19. Qd3 g6 20. Re2 Re7 21. b4 Rae8 22. Rxe7 Rxe7 23. b5 axb5 24. Qxb5 b6 25. Ra8+ Kg7 26. Qc4 Rf7 27. b4 Rf8 28. Ra1 Rd8 29. Re1 Qd5 30. Qe2 b5 31. Ra1 Kf7 32. h4 Re8 33. Qd2 Re4 34. Ra8 Kg7 35. Rc8 Qd7 36. Ra8 Qd5 37. Ra6 Kf7 38. Ne1 g5 39. Nd3 Nxd4 40. cxd4 Rxd4 41. Qb2 Rxd3 42. Qf6+ Ke8 43. Re6+ Kd7 44. Re7+ Kc8 45. Qa6+ Qb7 46. Re8+ Kd7 47. Qxb7 Kxe8 48. Qxb5+ 1-0

[Event "Budapest FS10 FM-B"]
[Site "Budapest"]
[Date "2011.10.07"]
[Round "7"]
[White "Breen, Anthony"]
[Black "Czipp, Janos"]
[Result "1-0"]
[WhiteElo "1648"]
[BlackElo "1467"]
[PlyCount "49"]
[EventDate "2011.10.01"]
[EventType "tourn"]
[EventRounds "10"]
[EventCountry "HUN"]
[SourceTitle "CBM 144 Extra"]
[Source "ChessBase"]
[SourceDate "2011.10.28"]
[SourceVersion "1"]
[SourceVersionDate "2011.10.28"]
[SourceQuality "1"]

1. e4 d6 2. d4 Nf6 3. Nc3 g6 4. Be2 Bg7 5. Be3 Nbd7 6. f4 Nb6 7. h3 Bd7 8. Nf3 Nh5 9. Kf2 0-0 10. g4 Nf6 11. Qd2 Na4 12. Bd3 Nxc3 13. bxc3 Bb5 14. Rag1 Bxd3 15. cxd3 Nd7 16. h4 f5 17. h5 fxg4 18. Ng5 Qe8 19. Ne6 Qf7 20. Nxf8 Rxf8 21. hxg6 Qxg6 22. Ke1 h5 23. f5 Qh7 24. Rxg4 Nf6 25. Rg6 1-0

[Event "Budapest FS10 FM-B"]
[Site "Budapest"]
[Date "2011.10.05"]
[Round "5"]
[White "Breen, Anthony"]
[Black "Mihajlova, Diana"]
[Result "1-0"]
[WhiteElo "1648"]
[BlackElo "1425"]
[PlyCount "68"]
[EventDate "2011.10.01"]
[EventType "tourn"]
[EventRounds "10"]
[EventCountry "HUN"]
[SourceTitle "CBM 144 Extra"]
[Source "ChessBase"]
[SourceDate "2011.10.28"]
[SourceVersion "1"]
[SourceVersionDate "2011.10.28"]
[SourceQuality "1"]

1. Nf3 Nc6 2. c4 e5 3. d3 Nf6 4. g3 Bc5 5. Bg2 Ng4 6. 0-0 f5 7. h3 Nf6 8. Nc3 0-0 9. a3 a5 10. Bg5 d6 11. Nd5 Be6 12. Bxf6 Rxf6 13. Nxf6+ Qxf6 14. Qc2 Nd4 15. Nxd4 Bxd4 16. Rab1 c6 17. b4 a4 18. b5 d5 19. bxc6 bxc6 20. cxd5 cxd5 21. Qc6 Rd8 22. Qxa4 e4 23. Rb7 f4 24. gxf4 e3 25. Rc1 exf2+ 26. Kf1 Qxf4 27. Rcc7 Bf7 28. Qd7 Rf8 29. Bxd5 h6 30. Qxf7+ Rxf7 31. Rc8+ Kh7 32. Rxf7 h5 33. Rxf4 Be3 34. Rf3 Bd4 1-0

[Event "Budapest FS10 FM-B"]
[Site "Budapest"]
[Date "2011.10.01"]
[Round "1"]
[White "Csetneki, Mark"]
[Black "Breen, Anthony"]
[Result "1-0"]
[WhiteElo "1629"]
[BlackElo "1648"]
[PlyCount "71"]
[EventDate "2011.10.01"]
[EventType "tourn"]
[EventRounds "10"]
[EventCountry "HUN"]
[SourceTitle "CBM 144 Extra"]
[Source "ChessBase"]
[SourceDate "2011.10.28"]
[SourceVersion "1"]
[SourceVersionDate "2011.10.28"]
[SourceQuality "1"]

1. d4 Nf6 2. c4 e6 3. Nc3 d5 4. Nf3 Nbd7 5. e3 c6 6. Bd3 Be7 7. 0-0 0-0 8. Qe2 Qc7 9. Rb1 dxc4 10. Bxc4 b5 11. Bd3 Bb7 12. b4 a6 13. a3 e5 14. dxe5 Nxe5 15. Nxe5 Qxe5 16. Bb2 Bd6 17. f4 Qe7 18. e4 Bc7 19. e5 Ne8 20. Qh5 g6 21. Qh6 c5 22. Ne4 Bxe4 23. Bxe4 Ra7 24. Rbe1 cxb4 25. Bd4 bxa3 26. Bxa7 Bxe5 27. fxe5 Qxa7+ 28. Kh1 Ng7 29. Qh3 b4 30. Qb3 a5 31. Bd5 Nf5 32. e6 fxe6 33. Bxe6+ Kh8 34. Bxf5 gxf5 35. Qd5 Qb8 36. Re7 1-0

[Event "Budapest FS08 FM-B"]
[Site "Budapest"]
[Date "2011.08.07"]
[Round "2"]
[White "Breen, Anthony"]
[Black "Krstulovic, Alex"]
[Result "0-1"]
[WhiteElo "1663"]
[BlackElo "1597"]
[PlyCount "56"]
[EventDate "2011.08.06"]
[EventType "tourn"]
[EventRounds "10"]
[EventCountry "HUN"]
[SourceTitle "CBM 143 Extra"]
[Source "ChessBase"]
[SourceDate "2011.08.29"]
[SourceVersion "1"]
[SourceVersionDate "2011.08.29"]
[SourceQuality "1"]

1. d4 Nf6 2. Bg5 Ne4 3. Bf4 d5 4. f3 Nf6 5. c4 c6 6. Qc2 dxc4 7. Qxc4 Nd5 8. Bd2 Nb6 9. Qc2 Qxd4 10. Nc3 Qf6 11. e4 e5 12. 0-0-0 Be6 13. Nh3 Bxh3 14. gxh3 N8d7 15. Be2 Bc5 16. Kb1 0-0-0 17. Bc1 Rhe8 18. Rhf1 Qe7 19. a4 Nf8 20. a5 Nbd7 21. a6 b6 22. Qa4 Kc7 23. Bb5 cxb5 24. Nd5+ Kb8 25. Nxe7 bxa4 26. Nc6+ Kc7 27. Nxd8 Rxd8 28. Rd3 Bd4 0-1

[Event "Budapest FS07 FM-B"]
[Site "Budapest"]
[Date "2011.07.12"]
[Round "10"]
[White "Breen, Anthony"]
[Black "Fabian, Laszlo"]
[Result "1/2-1/2"]
[WhiteElo "1663"]
[BlackElo "1728"]
[PlyCount "64"]
[EventDate "2011.07.02"]
[EventType "tourn"]
[EventRounds "10"]
[EventCountry "HUN"]
[SourceTitle "CBM 143 Extra"]
[Source "ChessBase"]
[SourceDate "2011.08.29"]
[SourceVersion "1"]
[SourceVersionDate "2011.08.29"]
[SourceQuality "1"]

1. c4 Nf6 2. g3 g6 3. Bg2 Bg7 4. e4 d6 5. Ne2 e5 6. d3 0-0 7. h3 c6 8. Nbc3 Be6 9. 0-0 Qc8 10. Kh2 Ne8 11. f4 f5 12. fxe5 dxe5 13. exf5 Rxf5 14. Ne4 Nd7 15. Ng5 Nf8 16. Nxe6 Qxe6 17. Nc3 Rd8 18. Be4 Rxf1 19. Qxf1 Qf6 20. Qe2 Ne6 21. Be3 Nd4 22. Bxd4 Rxd4 23. Rf1 Qe7 24. Qf2 Nf6 25. a3 Qd7 26. Kg2 b6 27. g4 Qc7 28. Qf3 Rd6 29. Qg3 Qe7 30. Qf3 Qd7 31. Qg3 Qe7 32. Qf3 Qd7 1/2-1/2

[Event "Budapest FS07 FM-B"]
[Site "Budapest"]
[Date "2011.07.11"]
[Round "9"]
[White "Balla, Attila"]
[Black "Breen, Anthony"]
[Result "0-1"]
[WhiteElo "1722"]
[BlackElo "1663"]
[PlyCount "84"]
[EventDate "2011.07.02"]
[EventType "tourn"]
[EventRounds "10"]
[EventCountry "HUN"]
[SourceTitle "CBM 143 Extra"]
[Source "ChessBase"]
[SourceDate "2011.08.29"]
[SourceVersion "1"]
[SourceVersionDate "2011.08.29"]
[SourceQuality "1"]

1. e4 e6 2. d4 d5 3. e5 c5 4. c3 Nc6 5. Nf3 Bd7 6. Be2 Nge7 7. Na3 cxd4 8. cxd4 Nf5 9. Nc2 Qb6 10. 0-0 Na5 11. Kh1 Bb5 12. Ne3 Bxe2 13. Qxe2 Nxe3 14. fxe3 h6 15. b3 Rc8 16. Bb2 Be7 17. h3 0-0 18. Rf2 Nc6 19. Nh2 Nb4 20. Raf1 Rc2 21. Qh5 Rxf2 22. Rxf2 Bg5 23. Rf3 f5 24. h4 Bd8 25. Rg3 Kh8 26. Qg6 Qc7 27. Ba3 a5 28. Qxe6 Bxh4 29. Rg6 Bg5 30. Nf1 f4 31. Bxb4 axb4 32. Qh3 fxe3 33. Ng3 Kg8 34. Nf5 Rxf5 35. Qxf5 Qc1+ 36. Kh2 e2 37. Qe6+ Kh7 38. Rxg7+ Kxg7 39. Qd7+ Kg6 40. Qe8+ Kf5 41. Qd7+ Ke4 42. Qg4+ Qf4+ 0-1

[Event "Budapest FS07 FM-B"]
[Site "Budapest"]
[Date "2011.07.08"]
[Round "6.1"]
[White "Breen, Anthony"]
[Black "Alfier, Cecilia"]
[Result "0-1"]
[WhiteElo "1663"]
[BlackElo "1654"]
[PlyCount "106"]
[EventDate "2011.07.02"]
[EventType "tourn"]
[EventRounds "10"]
[EventCountry "HUN"]
[SourceTitle "CBM 143 Extra"]
[Source "ChessBase"]
[SourceDate "2011.08.29"]
[SourceVersion "1"]
[SourceVersionDate "2011.08.29"]
[SourceQuality "1"]

1. d4 d5 2. Nf3 e6 3. e3 Nf6 4. Bd3 c5 5. b3 Nc6 6. Nbd2 Be7 7. Bb2 0-0 8. a3 a6 9. Ne5 Qc7 10. g4 Nd7 11. Nxd7 Bxd7 12. Qf3 e5 13. dxe5 Nxe5 14. Bxe5 Qxe5 15. Rb1 f5 16. Qh3 g6 17. f4 fxg4 18. Qg3 Qh5 19. Ke2 Bh4 20. Qg2 Rae8 21. Rbf1 g3+ 22. Nf3 gxh2 23. Qxh2 Bf6 24. Qxh5 gxh5 25. Rxh5 Re7 26. Rg1+ Kh8 27. Rh6 Bc3 28. Ne5 Bxe5 29. fxe5 Bf5 30. Rh5 Bxd3+ 31. cxd3 b5 32. e6 Rxe6 33. Rxd5 Rc6 34. Rgg5 c4 35. bxc4 bxc4 36. dxc4 Rxc4 37. Rc5 Rxc5 38. Rxc5 Rf6 39. Kd3 Kg7 40. a4 Kg6 41. e4 h5 42. e5 Re6 43. Ke4 Kg5 44. Kd5 Kf5 45. Kd4 h4 46. a5 h3 47. Ke3 Rxe5+ 48. Rxe5+ Kxe5 49. Kf3 Kd5 50. Kg3 Kc5 51. Kxh3 Kb5 52. Kg3 Kxa5 53. Kf3 Kb4 0-1

[Event "Budapest FS07 FM-B"]
[Site "Budapest"]
[Date "2011.07.06"]
[Round "5.1"]
[White "Fabian, Laszlo"]
[Black "Breen, Anthony"]
[Result "0-1"]
[WhiteElo "1728"]
[BlackElo "1663"]
[PlyCount "84"]
[EventDate "2011.07.02"]
[EventType "tourn"]
[EventRounds "10"]
[EventCountry "HUN"]
[SourceTitle "CBM 143 Extra"]
[Source "ChessBase"]
[SourceDate "2011.08.29"]
[SourceVersion "1"]
[SourceVersionDate "2011.08.29"]
[SourceQuality "1"]

1. e4 e6 2. d4 d5 3. Nc3 Bb4 4. e5 Ne7 5. Nf3 c5 6. a3 Bxc3+ 7. bxc3 b6 8. Be2 Ba6 9. 0-0 Bxe2 10. Qxe2 Nbc6 11. Bg5 c4 12. Nd2 h6 13. Qh5 g6 14. Qh4 Kd7 15. Bf6 Rh7 16. Rad1 Qc8 17. Qh3 Qa6 18. Ra1 Rg8 19. f4 Qa5 20. Rfd1 Qa4 21. Rdc1 Nf5 22. Qf3 g5 23. fxg5 hxg5 24. Nf1 g4 25. Qf2 Qa5 26. Ng3 Nxg3 27. Qxg3 Ne7 28. Bxe7 Kxe7 29. a4 Rgh8 30. Rf1 Rxh2 31. Kf2 R8h3 32. Qxg4 Qxc3 33. Rae1 Rh4 34. Qg5+ Kd7 35. Qe3 Qxc2+ 36. Re2 Qf5+ 37. Ke1 Rh1 38. Qf3 Qxf3 39. gxf3 Rxf1+ 40. Kxf1 Rxd4 41. Rh2 Kc6 42. Ke2 Rd3 0-1

[Event "Budapest FS05 FM-B"]
[Site "Budapest"]
[Date "2011.05.17"]
[Round "10"]
[White "Mayer, Istvan"]
[Black "Breen, Anthony"]
[Result "1-0"]
[WhiteElo "2033"]
[BlackElo "1646"]
[PlyCount "67"]
[EventDate "2011.05.07"]
[EventType "tourn"]
[EventRounds "10"]
[EventCountry "HUN"]
[SourceTitle "CBM 142 Extra"]
[Source "ChessBase"]
[SourceDate "2011.06.27"]
[SourceVersion "1"]
[SourceVersionDate "2011.06.27"]
[SourceQuality "1"]

1. e4 c5 2. Nf3 e6 3. d4 cxd4 4. Nxd4 a6 5. c3 Qc7 6. g3 Nf6 7. Bg2 d6 8. 0-0 Be7 9. a4 Nc6 10. Na3 Bd7 11. Ndc2 0-0 12. Ne3 Rfd8 13. f4 Rab8 14. Qe2 Na5 15. Qc2 b5 16. b4 Nc4 17. Naxc4 bxc4 18. g4 Qb6 19. h3 Bc6 20. g5 Nh5 21. Kh2 d5 22. exd5 exd5 23. Nf5 Bd6 24. Qe2 g6 25. Be3 Re8 26. Bxb6 Rxe2 27. Nd4 Nxf4 28. Rxf4 Rf2 29. Nxc6 Bxf4+ 30. Kg1 Rxg2+ 31. Kxg2 Rxb6 32. Ne7+ Kf8 33. Nxd5 Rd6 34. Nxf4 1-0

[Event "Budapest FS05 FM-B"]
[Site "Budapest"]
[Date "2011.05.14"]
[Round "8"]
[White "Hegedus, Peter1111"]
[Black "Breen, Anthony"]
[Result "0-1"]
[WhiteElo "1776"]
[BlackElo "1646"]
[PlyCount "50"]
[EventDate "2011.05.07"]
[EventType "tourn"]
[EventRounds "10"]
[EventCountry "HUN"]
[SourceTitle "CBM 142 Extra"]
[Source "ChessBase"]
[SourceDate "2011.06.27"]
[SourceVersion "1"]
[SourceVersionDate "2011.06.27"]
[SourceQuality "1"]

1. e4 c5 2. c3 Qa5 3. Nf3 Nf6 4. Bd3 Nc6 5. 0-0 d6 6. h3 e6 7. Qe2 Qc7 8. Bc2 Be7 9. d3 0-0 10. Nbd2 d5 11. Re1 d4 12. Nf1 Nh5 13. e5 g6 14. Bh6 Rd8 15. Qd2 b6 16. N1h2 f5 17. g4 Ng7 18. Bb3 Na5 19. Bd1 dxc3 20. Qxc3 Nc6 21. a3 Ba6 22. Bc2 Nd4 23. Nxd4 Rxd4 24. Nf3 Rd7 25. Bb3 Rxd3 0-1

[Event "Budapest FS05 FM-B"]
[Site "Budapest"]
[Date "2011.05.13"]
[Round "7"]
[White "Breen, Anthony"]
[Black "Rusek, Walter"]
[Result "1/2-1/2"]
[WhiteElo "1646"]
[BlackElo "1828"]
[PlyCount "57"]
[EventDate "2011.05.07"]
[EventType "tourn"]
[EventRounds "10"]
[EventCountry "HUN"]
[SourceTitle "CBM 142 Extra"]
[Source "ChessBase"]
[SourceDate "2011.06.27"]
[SourceVersion "1"]
[SourceVersionDate "2011.06.27"]
[SourceQuality "1"]

1. d4 d5 2. Nf3 Nf6 3. e3 Bf5 4. c4 c6 5. Nc3 e6 6. h3 h6 7. Bd3 Bxd3 8. Qxd3 Qb6 9. 0-0 Be7 10. Bd2 0-0 11. c5 Qc7 12. b4 a6 13. a4 Nbd7 14. b5 e5 15. Nh2 e4 16. Qe2 Nh7 17. f4 exf3 18. gxf3 Qg3+ 19. Qg2 Qxg2+ 20. Kxg2 f5 21. bxc6 bxc6 22. a5 Rab8 23. Rab1 Rxb1 24. Rxb1 Rb8 25. Rxb8+ Nxb8 26. Be1 Bd8 27. Na4 Bc7 28. Bg3 Bxg3 29. Kxg3 1/2-1/2

[Event "Budapest FS05 FM-B"]
[Site "Budapest"]
[Date "2011.05.11"]
[Round "5"]
[White "Breen, Anthony"]
[Black "Mayer, Istvan"]
[Result "0-1"]
[WhiteElo "1646"]
[BlackElo "2033"]
[PlyCount "40"]
[EventDate "2011.05.07"]
[EventType "tourn"]
[EventRounds "10"]
[EventCountry "HUN"]
[SourceTitle "CBM 142 Extra"]
[Source "ChessBase"]
[SourceDate "2011.06.27"]
[SourceVersion "1"]
[SourceVersionDate "2011.06.27"]
[SourceQuality "1"]

1. Nf3 g6 2. d4 Bg7 3. c4 Nf6 4. Nc3 d5 5. Bf4 0-0 6. Rc1 dxc4 7. e4 c6 8. Bxc4 b5 9. Bd3 Bg4 10. Be3 Nbd7 11. h3 Bxf3 12. Qxf3 e5 13. Ne2 Qa5+ 14. Bd2 Qxa2 15. 0-0 exd4 16. Nxd4 Ne5 17. Qe2 Nxd3 18. Qxd3 c5 19. Nf3 c4 20. Qb1 Qxb1 0-1

[Event "Budapest FS04 FM-B"]
[Site "Budapest"]
[Date "2011.04.12"]
[Round "11"]
[White "Csetneki, Mark"]
[Black "Breen, Anthony"]
[Result "0-1"]
[WhiteElo "1640"]
[BlackElo "1669"]
[PlyCount "60"]
[EventDate "2011.04.02"]
[EventType "tourn"]
[EventRounds "11"]
[EventCountry "HUN"]
[SourceTitle "CBM 141 Extra"]
[Source "ChessBase"]
[SourceDate "2011.05.03"]
[SourceVersion "1"]
[SourceVersionDate "2011.05.03"]
[SourceQuality "1"]

1. d4 Nf6 2. c4 c5 3. d5 b5 4. cxb5 a6 5. e3 g6 6. Nc3 Bg7 7. Nf3 0-0 8. Bc4 d6 9. 0-0 Nbd7 10. Qb3 axb5 11. Bxb5 Ba6 12. Nd2 Qc7 13. Bxa6 Rxa6 14. Nc4 Rb8 15. Qc2 Nb6 16. Nxb6 Qxb6 17. Rb1 Nd7 18. a3 c4 19. Bd2 Nc5 20. Ne4 Nxe4 21. Qxe4 Qc7 22. Bc3 Bxc3 23. bxc3 Rxb1 24. Rxb1 Rxa3 25. Qd4 Qb7 26. Qd1 Rb3 27. Rxb3 cxb3 28. c4 b2 29. Qb1 Qb4 30. Kf1 Qxc4+ 0-1

[Event "Budapest FS04 FM-B"]
[Site "Budapest"]
[Date "2011.04.07"]
[Round "6"]
[White "Mayer, Istvan"]
[Black "Breen, Anthony"]
[Result "1-0"]
[WhiteElo "2023"]
[BlackElo "1669"]
[PlyCount "65"]
[EventDate "2011.04.02"]
[EventType "tourn"]
[EventRounds "11"]
[EventCountry "HUN"]
[SourceTitle "CBM 141 Extra"]
[Source "ChessBase"]
[SourceDate "2011.05.03"]
[SourceVersion "1"]
[SourceVersionDate "2011.05.03"]
[SourceQuality "1"]

1. e4 d5 2. exd5 Qxd5 3. d4 Nc6 4. Be3 e5 5. c4 Bb4+ 6. Nc3 Bxc3+ 7. bxc3 Qa5 8. d5 Nce7 9. Qb3 Nf5 10. Bd2 Nf6 11. Nf3 Nd7 12. Qb4 Qc5 13. g4 e4 14. Ng5 Qxb4 15. cxb4 Nd4 16. 0-0-0 h6 17. Nxe4 Ne5 18. h3 Bd7 19. f4 Ng6 20. Be3 Nf3 21. Be2 Nfh4 22. f5 Ng2 23. Bd2 N6f4 24. Bf3 Ba4 25. Bxg2 Nxg2 26. Rdg1 Nh4 27. Nc5 b5 28. Re1+ Kf8 29. Bf4 Ng2 30. Bxc7 Nxe1 31. Rxe1 Kg8 32. d6 Kh7 33. Re7 1-0

[Event "Budapest FS04 FM-B"]
[Site "Budapest"]
[Date "2011.04.05"]
[Round "4"]
[White "Czipp, Janos"]
[Black "Breen, Anthony"]
[Result "1/2-1/2"]
[WhiteElo "1599"]
[BlackElo "1669"]
[PlyCount "88"]
[EventDate "2011.04.02"]
[EventType "tourn"]
[EventRounds "11"]
[EventCountry "HUN"]
[SourceTitle "CBM 141 Extra"]
[Source "ChessBase"]
[SourceDate "2011.05.03"]
[SourceVersion "1"]
[SourceVersionDate "2011.05.03"]
[SourceQuality "1"]

1. Nf3 c5 2. c4 g6 3. e4 Nc6 4. d4 cxd4 5. Nxd4 Bg7 6. Nxc6 bxc6 7. Qc2 Rb8 8. Bd2 Bxb2 9. Bc3 Bxa1 10. Bxa1 Qa5+ 11. Nd2 f6 12. Bd3 Nh6 13. Bc3 Qc7 14. Nf3 Nf7 15. 0-0 d6 16. Bd4 Bd7 17. Qc3 c5 18. Be3 0-0 19. Nh4 Rb7 20. Bc2 Rfb8 21. Qd3 Qa5 22. Bb3 Ba4 23. Bd2 Qa6 24. Bxa4 Qxa4 25. Ra1 Ne5 26. Qd5+ Kg7 27. Rf1 Rb1 28. Nf3 Rxf1+ 29. Kxf1 Nxf3 30. gxf3 Qxa2 31. Be3 Rb4 32. Qa8 Rxc4 33. Qd5 Qa1+ 34. Kg2 Rb4 35. Qe6 Qe5 36. Qh3 a5 37. Qh6+ Kg8 38. Qh3 a4 39. Qc8+ Kg7 40. h4 a3 41. Qe8 a2 42. h5 g5 43. h6+ Kxh6 44. Qf8+ Kg6 1/2-1/2

[Event "Budapest FS04 FM-B"]
[Site "Budapest"]
[Date "2011.04.04"]
[Round "3"]
[White "Breen, Anthony"]
[Black "Bella, Zsolt"]
[Result "0-1"]
[WhiteElo "1669"]
[BlackElo "1471"]
[PlyCount "78"]
[EventDate "2011.04.02"]
[EventType "tourn"]
[EventRounds "11"]
[EventCountry "HUN"]
[SourceTitle "CBM 141 Extra"]
[Source "ChessBase"]
[SourceDate "2011.05.03"]
[SourceVersion "1"]
[SourceVersionDate "2011.05.03"]
[SourceQuality "1"]

1. d4 g6 2. Nf3 Bg7 3. g3 d6 4. Bg2 Nd7 5. 0-0 c6 6. Nbd2 Ngf6 7. Nc4 b5 8. Ncd2 h6 9. c4 a6 10. Qc2 Bb7 11. b3 d5 12. e4 dxe4 13. Nxe4 Nxe4 14. Qxe4 0-0 15. Ba3 Re8 16. Rad1 e6 17. Qc2 Qc7 18. Rfe1 Rad8 19. Rd3 Nb6 20. cxb5 axb5 21. Ne5 Nd5 22. Rf3 Bxe5 23. dxe5 Qa5 24. Qc1 b4 25. Qd2 Nc3 26. Qf4 Qc7 27. Qxh6 Rd1 28. Rxd1 Nxd1 29. Bxb4 Qxe5 30. Qd2 c5 31. Qd7 Bxf3 32. Qxe8+ Kg7 33. Bxf3 Qd4 34. Be1 Nb2 35. Ba5 Nd3 36. Bc3 Qxc3 37. Kg2 Ne1+ 38. Kh3 Qxf3 39. Qd7 Qh5# 0-1

[Event "Budapest FS03 FM-B"]
[Site "Budapest"]
[Date "2011.03.11"]
[Round "7"]
[White "Hegedus, Peter"]
[Black "Breen, Anthony"]
[Result "1-0"]
[WhiteElo "1792"]
[BlackElo "1669"]
[PlyCount "59"]
[EventDate "2011.03.05"]
[EventType "tourn"]
[EventRounds "10"]
[EventCountry "HUN"]
[SourceTitle "CBM 141 Extra"]
[Source "ChessBase"]
[SourceDate "2011.05.03"]
[SourceVersion "1"]
[SourceVersionDate "2011.05.03"]
[SourceQuality "1"]

1. e4 e6 2. d4 d5 3. Nc3 Nf6 4. e5 Nfd7 5. f4 Be7 6. Nf3 0-0 7. Be3 c5 8. Bd3 Nc6 9. a3 cxd4 10. Nxd4 Nxd4 11. Bxd4 Nc5 12. Be2 Bd7 13. 0-0 Rc8 14. Rf3 f6 15. exf6 Bxf6 16. Qd2 Bxd4+ 17. Qxd4 Qf6 18. Rd1 b6 19. Rf2 Be8 20. Qxf6 Rxf6 21. Bg4 Bd7 22. g3 Rg6 23. Bh3 Na4 24. Nxd5 Kf8 25. Ne3 Ke7 26. b3 Nc5 27. Rfd2 Bc6 28. f5 Rg5 29. fxe6 Rc7 30. Nf5+ 1-0